[Event "Oberliga Sued W 2122"]
[Site "Germany"]
[Date "2022.06.12"]
[Round "4.8"]
[White "Hoefer, Heijo"]
[Black "Silber, Gerhard"]
[Result "0-1"]
[WhiteElo "1847"]
[BlackElo "2194"]
[PlyCount "92"]
[EventDate "2021.10.24"]
[EventType "team-tourn"]
[EventRounds "9"]
[EventCountry "GER"]
[SourceTitle "EXT 2023"]
[Source "ChessBase"]
[SourceDate "2022.10.05"]
[SourceVersion "1"]
[SourceVersionDate "2022.10.05"]
[SourceQuality "1"]
[WhiteTeam "Altenkirchen"]
[BlackTeam "Landau"]
[WhiteTeamCountry "GER"]
[BlackTeamCountry "GER"]

1. c4 c5 2. Nc3 Nc6 3. Nf3 Nf6 4. d4 cxd4 5. Nxd4 g6 6. e4 d6 7. Nxc6 bxc6 8. Be2 Bg7 9. 0-0 0-0 10. Bf4 Nd7 11. Qd2 Re8 12. Rad1 Qa5 13. Rc1 Nf8 14. c5 dxc5 15. Bh6 Bd4 16. Bxf8 Rxf8 17. Bc4 Ba6 18. Bxa6 Qxa6 19. b3 Qa5 20. Qc2 Rab8 21. Ne2 Rb6 22. Kh1 Rd8 23. f4 Be3 24. Rcd1 Rbb8 25. g3 Rxd1 26. Rxd1 Rd8 27. Rxd8+ Qxd8 28. Kg2 e6 29. Kf3 Bd4 30. Qd3 f5 31. Nxd4 cxd4 32. Qc4 Qd7 33. e5 d3 34. Qc1 Qd5+ 35. Ke3 Qe4+ 36. Kd2 Qe2+ 37. Kc3 Qxh2 38. Kxd3 Qxg3+ 39. Ke2 Qg2+ 40. Ke3 g5 41. Qc4 gxf4+ 42. Qxf4 Qe4+ 43. Qxe4 fxe4 44. Kxe4 Kf7 45. b4 Kg6 46. Kf4 h5 0-1

[Event "Oberliga Sued W 1718"]
[Site "Germany"]
[Date "2017.10.08"]
[Round "2.5"]
[White "Silber, Gerhard"]
[Black "Braun, Matthias"]
[Result "1/2-1/2"]
[WhiteElo "2219"]
[BlackElo "2151"]
[PlyCount "29"]
[EventDate "2017.09.10"]
[EventType "team-tourn"]
[EventRounds "11"]
[EventCountry "GER"]
[SourceTitle "EXT 2019"]
[Source "ChessBase"]
[SourceDate "2018.10.10"]
[SourceVersion "1"]
[SourceVersionDate "2018.10.10"]
[SourceQuality "1"]
[WhiteTeam "Landau"]
[BlackTeam "Trier"]
[WhiteTeamCountry "GER"]
[BlackTeamCountry "GER"]

1. d4 d5 2. Nc3 Bf5 3. f3 e6 4. e4 Bg6 5. exd5 exd5 6. Qe2+ Ne7 7. Bf4 a6 8. 0-0-0 Nbc6 9. h4 h5 10. g3 Bf5 11. Bh3 Bxh3 12. Nxh3 g6 13. g4 Bg7 14. gxh5 Rxh5 15. Bg5 1/2-1/2

[Event "Oberliga Sued W 0910"]
[Site "Germany"]
[Date "2010.03.21"]
[Round "8.7"]
[White "Repplinger, Marc"]
[Black "Silber, Gerhard"]
[Result "1-0"]
[WhiteElo "2191"]
[BlackElo "2232"]
[PlyCount "87"]
[EventDate "2009.10.18"]
[EventType "team-tourn"]
[EventRounds "9"]
[EventCountry "GER"]
[SourceTitle "EXT 2011"]
[Source "ChessBase"]
[SourceDate "2010.11.26"]
[SourceVersion "1"]
[SourceVersionDate "2010.11.26"]
[SourceQuality "1"]
[WhiteTeam "Koblenz 25"]
[BlackTeam "Landau"]
[WhiteTeamCountry "GER"]
[BlackTeamCountry "GER"]

1. e4 Nf6 2. e5 Nd5 3. d4 d6 4. Nf3 Bg4 5. Be2 e6 6. c4 Nb6 7. h3 Bh5 8. exd6 cxd6 9. Nc3 Be7 10. d5 e5 11. g4 Bg6 12. h4 h5 13. g5 N8d7 14. Be3 Rc8 15. b3 Nc5 16. Bxc5 Rxc5 17. Bd3 Bxd3 18. Qxd3 Rc8 19. Nd2 Nd7 20. Nde4 g6 21. 0-0-0 0-0 22. Rhg1 a6 23. Kb1 Qa5 24. Rc1 Rc7 25. Rc2 Rfc8 26. Rgc1 Bf8 27. Kb2 Nc5 28. Nxc5 Qxc5 29. Ne4 Qb6 30. Qe3 Qxe3 31. fxe3 b6 32. Kc3 Be7 33. Kd3 Kg7 34. Rf2 b5 35. Rfc2 bxc4+ 36. Rxc4 Rxc4 37. Rxc4 Rxc4 38. bxc4 Kf8 39. c5 dxc5 40. Kc4 Ke8 41. d6 Bd8 42. Kxc5 Ba5 43. Kc6 Kd8 44. Nc5 1-0

[Event "Oberliga Sued W 0910"]
[Site "Germany"]
[Date "2010.01.24"]
[Round "5.6"]
[White "Kreiser, Ulrich"]
[Black "Silber, Gerhard"]
[Result "0-1"]
[WhiteElo "2118"]
[BlackElo "2232"]
[PlyCount "44"]
[EventDate "2009.10.18"]
[EventType "team-tourn"]
[EventRounds "9"]
[EventCountry "GER"]
[SourceTitle "EXT 2011"]
[Source "ChessBase"]
[SourceDate "2010.11.26"]
[SourceVersion "1"]
[SourceVersionDate "2010.11.26"]
[SourceQuality "1"]
[WhiteTeam "Wadgassen/Differten"]
[BlackTeam "Landau"]
[WhiteTeamCountry "GER"]
[BlackTeamCountry "GER"]

1. d4 f5 2. Nc3 d5 3. Bf4 Nf6 4. e3 e6 5. Bd3 Be7 6. Nge2 0-0 7. 0-0 c5 8. dxc5 Bxc5 9. Na4 Be7 10. c4 Nc6 11. cxd5 Nxd5 12. Bc4 Nb6 13. Nxb6 Qxb6 14. Qb3 Qxb3 15. Bxb3 Bf6 16. Nc3 Na5 17. Bd6 Nxb3 18. axb3 Rd8 19. Rfd1 e5 20. Nb5 Be6 21. Ra3 a6 22. Nc7 Rac8 0-1

[Event "Oberliga Sued W 0708"]
[Site "Germany"]
[Date "2007.11.04"]
[Round "2.4"]
[White "Hoegerl, Gerd"]
[Black "Silber, Gerhard"]
[Result "1-0"]
[WhiteElo "2196"]
[BlackElo "2272"]
[PlyCount "79"]
[EventDate "2007.10.21"]
[EventType "team-tourn"]
[EventRounds "9"]
[EventCountry "GER"]
[SourceTitle "EXT 2009"]
[Source "ChessBase"]
[SourceDate "2008.11.26"]
[SourceVersion "1"]
[SourceVersionDate "2008.11.26"]
[SourceQuality "1"]
[WhiteTeam "Mutterstadt"]
[BlackTeam "Landau"]
[WhiteTeamCountry "GER"]
[BlackTeamCountry "GER"]

1. d4 f5 2. Nc3 d5 3. Bg5 c6 4. e3 Be6 5. Bd3 Nd7 6. Qf3 g6 7. h4 Ngf6 8. Nge2 Bf7 9. h5 Rg8 10. hxg6 hxg6 11. Qf4 Bg7 12. 0-0-0 Nf8 13. f3 Ne6 14. Qg3 Nxg5 15. Qxg5 Nd7 16. g4 Bf6 17. Qf4 e5 18. dxe5 Bxe5 19. Qa4 Nc5 20. Qb4 Qe7 21. Kb1 a5 22. Qa3 Bd6 23. Na4 fxg4 24. Nb6 Nd7 25. Qb3 Nxb6 26. Qxb6 gxf3 27. Nd4 Bc5 28. Qb3 a4 29. Qc3 Bb4 30. Nxc6 Bxc3 31. Nxe7 Bf6 32. Nxg8 Bxg8 33. Bxg6+ Ke7 34. Rhf1 Be6 35. Bh5 Bg5 36. Bxf3 Ra5 37. e4 dxe4 38. Bxe4 b6 39. Rg1 a3 40. b3 1-0

[Event "Kuppenheim op g/5"]
[Site "Kuppenheim"]
[Date "2004.05.15"]
[Round "2.25"]
[White "Van Wely, Loek"]
[Black "Silber, Gerhard"]
[Result "1-0"]
[WhiteElo "2651"]
[BlackElo "2200"]
[PlyCount "99"]
[EventDate "2004.05.14"]
[EventType "swiss"]
[EventRounds "50"]
[EventCountry "GER"]
[SourceTitle "EXT 2005"]
[Source "ChessBase"]
[SourceDate "2004.11.15"]
[SourceVersion "1"]
[SourceVersionDate "2004.11.15"]
[SourceQuality "1"]

1. d4 d5 2. c4 e6 3. Nf3 Nf6 4. Nc3 dxc4 5. e4 a6 6. Bxc4 b5 7. Bd3 Bb7 8. Qe2 Nbd7 9. 0-0 c5 10. d5 c4 11. Bc2 Bc5 12. Rd1 Qb6 13. dxe6 fxe6 14. Bf4 0-0 15. Bg3 Rad8 16. b3 Bb4 17. Nb1 Nc5 18. Rxd8 Rxd8 19. bxc4 Ncxe4 20. cxb5 Qxb5 21. Qxb5 axb5 22. a4 Nxg3 23. hxg3 Rc8 24. Ra2 bxa4 25. Rxa4 Rxc2 26. Rxb4 Bd5 27. Ne5 h6 28. f3 Kh7 29. Na3 Rc1+ 30. Kf2 Ra1 31. Nb5 Ra2+ 32. Kg1 Ra1+ 33. Kh2 Ra2 34. Nd6 Ra3 35. Rb8 g5 36. Rc8 Ra7 37. Rc5 Kg7 38. g4 Re7 39. Ra5 Rc7 40. Ra6 Re7 41. Rb6 Rc7 42. Rb8 Re7 43. Kg3 Rc7 44. Kf2 Re7 45. Ke3 Ra7 46. Kd4 Ra4+ 47. Kc5 Ra5+ 48. Kb4 Ra7 49. Rc8 Re7 50. Kc5 1-0

[Event "Goch op 10th"]
[Site "Goch"]
[Date "1999.10.17"]
[Round "6.5"]
[White "Silber, Gerhard"]
[Black "Haub, Thorsten Michael"]
[Result "1/2-1/2"]
[WhiteElo "2214"]
[BlackElo "2364"]
[PlyCount "36"]
[EventDate "1999.10.14"]
[EventType "swiss"]
[EventRounds "7"]
[EventCountry "GER"]
[SourceTitle "EXT 2002"]
[Source "ChessBase"]
[SourceDate "2001.11.25"]
[SourceVersion "1"]
[SourceVersionDate "2001.11.25"]
[SourceQuality "1"]

1. d4 f5 2. Nc3 d5 3. f3 Nf6 4. Bg5 e6 5. e4 Be7 6. Qd2 fxe4 7. fxe4 Nxe4 8. Nxe4 dxe4 9. Nh3 e5 10. dxe5 Qxd2+ 11. Kxd2 Bxh3 12. Bxe7 Bxg2 13. Bxg2 Kxe7 14. Bxe4 c6 15. Rag1 g6 16. h4 Nd7 17. Rg5 Nc5 18. Ke3 Ne6 1/2-1/2

[Event "Goch op 10th"]
[Site "Goch"]
[Date "1999.10.15"]
[Round "2.18"]
[White "Fuhs, Juergen"]
[Black "Silber, Gerhard"]
[Result "0-1"]
[WhiteElo "2038"]
[BlackElo "2214"]
[PlyCount "110"]
[EventDate "1999.10.14"]
[EventType "swiss"]
[EventRounds "7"]
[EventCountry "GER"]
[SourceTitle "EXT 2002"]
[Source "ChessBase"]
[SourceDate "2001.11.25"]
[SourceVersion "1"]
[SourceVersionDate "2001.11.25"]
[SourceQuality "1"]

1. e4 Nf6 2. e5 Nd5 3. c4 Nb6 4. d4 d6 5. exd6 exd6 6. Nc3 Be7 7. h3 Bf5 8. Nf3 0-0 9. Be2 Nc6 10. Be3 d5 11. c5 Nc4 12. Bxc4 dxc4 13. 0-0 Bd3 14. Re1 Bf6 15. Ne2 Nb4 16. Nf4 Nc2 17. Nxd3 cxd3 18. Qxd3 Nxa1 19. Rxa1 Qd5 20. b3 Rfd8 21. Rc1 c6 22. Qc2 Rd7 23. Qb1 Re8 24. Qc2 Bd8 25. Ne5 Rde7 26. Qc4 Qxc4 27. Nxc4 Bc7 28. Rd1 Rd7 29. g3 b5 30. cxb6 axb6 31. Kg2 c5 32. Na3 Red8 33. Rc1 cxd4 34. Bxd4 Bf4 35. gxf4 Rxd4 36. Rc6 R4d6 37. Rc7 R6d7 38. Rc6 Ra7 39. Nb5 Rxa2 40. Rxb6 h5 41. Nc3 Rb2 42. Ne4 f6 43. Nc5 Rdd2 44. Ne4 Re2 45. Kf3 f5 46. Rb8+ Kf7 47. Ng5+ Ke7 48. Rb7+ Kd6 49. Rxg7 Rxf2+ 50. Kg3 h4+ 51. Kxh4 Rxf4+ 52. Kg3 Rb4 53. Nf3 R2xb3 54. h4 Ra3 55. Rg5 Ke6 0-1